000
00300nam a22001337a 4500
008
190205b xxu||||| |||| 00| 0 eng d
020
_a
032104056
041
_a
eng
080
_2
6th
_a
371
100
_a
46
101
_a
EDU
245
_a
A Short Guide to Writing about
_c
Barnet,S
942
_2
udc
_c
BK
999
_c
53960
_d
53960